00480nam a2200109Ia 4500008004100000050002900041100003000070245012600100260008600226300002800312521003000340140724s9999 xx 000 0 und d aHF 5549.5.T7b.C112 2011 aCabarles, Aejero Elmer R. aTraining and development programs of high school teachers at International Montessori School /cAejero Elmer R. Cabarles. aLas Piñas, Philippines :bSouthville International School and Colleges,cc2011. a37 p. :bill. ;c28 cm. aHuman Resource Management